| 000 | 00837nam a2200205 4500 | ||
|---|---|---|---|
| 001 | 138614 | ||
| 003 | ES-MaACL | ||
| 005 | 20260127062546.0 | ||
| 007 | t| | ||
| 008 | 070214m19251926sp r ||||1| spa d | ||
| 100 | 1 |
_aSantamaría y de Rojas, Vicente, _cConde de Santa María de Paredes, _dn.1889 _9103316 |
|
| 245 | 1 | 0 |
_aResumen crítico del curso de 1924 a 1925 [y 1925-26] y anuario de la Corporación / _cVicente Santamaría y de Rojas. |
| 260 |
_aMadrid : _bReus, _c1925-1926. |
||
| 300 |
_a86 p. ; _c24 x 17 cm. |
||
| 594 | _aPrecede al tít.: Real Academia de Jurisprudencia y Legislación. | ||
| 600 | 0 |
_aReal Academia de Jurisprudencia y Legislación de España _9217612 |
|
| 700 |
_aReal Academia de Jurisprudencia y Legislación de España _9217612 |
||
| 852 |
_aES-MaACL _j1693-F-13 |
||
| 999 |
_c138614 _d138614 |
||